000 02625nam0a2200397 4500
001 RU\NLR\BIBL_A\012248558
005 20230315150242.0
010 _a978-5-328-00396-4
_9100
021 _aRU
_bКН-П-20-005502
_9КН-П-20-0422
035 _a(NLR Aleph) 012248558
035 _a(RuMoRGB)010264749
090 _a11069767
_c11069767
100 _a20200317d2019 k y0rusy50 ca
101 0 _arus
_deng
102 _aRU
105 _aa|||z|||100zy
181 0 _ai
_baxxe
182 0 _an
200 1 _aРазвитие теории и практики управления социальными и экономическими системами
_eматериалы Восьмой международной научно-практической конференции (23-25 апреля 2019 г.)
_fКамчатский государственный технический университет, Академия управления при Президенте Республики Беларусь
_g[редакционная коллегия: М.Ю. Еремина, к.э.н. и др.]
203 _aТекст
_bвизуальный
_cнепосредственный
210 _aПетропавловск-Камчатский
_cИзд-во КамчатГТУ
_d2019
215 _a225, [1] с.
_cил., табл.
_d29
300 _aРез. англ.
320 _aБиблиогр. в конце ст.
607 _aРоссийская Федерация
_jСъезды, совещания и т.п
_xСоциально-экономическое развитие
_92073290
_3RU\NLR\AUTH\661248179
686 1 _aУ03(2Р)74я431
702 1 _4340
_aЕремина
_bМ. Ю.
_cканд. экон. наук
_gМарина Юрьевна
_9184441
_3RU\NLR\AUTH\770184492
711 1 2 _a"Развитие теории и практики управления социальными и экономическими системами", международная научно-практическая конференция
_d8
_eПетропавловск-Камчатский
_f2019
_9702451
_3RU\NLR\AUTH\880520829
712 0 2 _4475
_aКамчатский государственный технический университет
_cПетропавловск-Камчатский
_9564137
_3RU\NLR\AUTH\8810032793
712 0 2 _4570
_aАкадемия управления
_cМинск
_9388506
_3RU\NLR\AUTH\889946464
942 _cBOOK
980 _aNBR
980 _aNB